书目信息 |
| 题名: |
国际经济法习题集
|
|
| 作者: | 张丽英 主编 | |
| 分册: | ||
| 出版信息: | 北京 法律出版社 2007.06 |
|
| 页数: | 134页 | |
| 开本: | 26cm | |
| 丛书名: | ||
| 单 册: | ||
| 中图分类: | D996-44 | |
| 科图分类: | ||
| 主题词: | 国际经济法--guo ji jing ji fa--高等学校--习题 | |
| 电子资源: | ||
| ISBN: | 978-7-5036-7472-3 | |
| 000 | 00759nam0 2200241 450 | |
| 001 | 0754543265 | |
| 005 | 20080918095441.56 | |
| 010 | @a978-7-5036-7472-3@dCNY18.00 | |
| 100 | @a20070815e20082007km y0chiy0120 ea | |
| 101 | 0 | @achi |
| 102 | @aCN@b110000 | |
| 105 | @ay q 000yy | |
| 200 | 1 | @a国际经济法习题集@Aguo ji jing ji fa xi ti ji@f主编张丽英 |
| 210 | @a北京@c法律出版社@d2007.06@h2008.03 | |
| 215 | @a134页@d26cm | |
| 300 | @a高校法学专业核心课程配套自测 | |
| 330 | @a本书内容共分九章,包括:导论、国际货物买卖法、国际货物运输保险等内容。 | |
| 606 | 0 | @a国际经济法@Aguo ji jing ji fa@x高等学校@j习题 |
| 690 | @aD996-44@v4 | |
| 701 | 0 | @a张丽英@Azhang li ying@4主编 |
| 801 | 0 | @aCN@bLR@c20080918 |
| 905 | @aZUCC@dD996-44@eZ130 | |
| 999 | @aLYX | |
| 国际经济法习题集/主编张丽英.-北京:法律出版社,2007.06(2008.03) |
| 134页;26cm |
| 高校法学专业核心课程配套自测 |
| ISBN 978-7-5036-7472-3:CNY18.00 |
| 本书内容共分九章,包括:导论、国际货物买卖法、国际货物运输保险等内容。 |
| ● |
| 相关链接 |
|
|
|
正题名:国际经济法习题集
索取号:D996-44/Z130
 
预约/预借
| 序号 | 登录号 | 条形码 | 馆藏地/架位号 | 状态 | 备注 |
| 1 | 678279 | 206782793 | 社科库509/509社科库 110排1列5层/ [索取号:D996-44/Z130] | 在馆 | |
| 2 | 678280 | 206782800 | 社科库509/509社科库 110排1列5层/ [索取号:D996-44/Z130] | 在馆 | |
| 3 | 678281 | 206782819 | 社科库509/509社科库 110排1列5层/ [索取号:D996-44/Z130] | 在馆 |